Movies Quiz

Random Movies or Disney Quiz

Which Disney Character? Quiz Stats

 Plays Quiz Updated Apr 9, 2019

Score 0/20 Timer 04:00
8 Plays Today
Question Answer Wrong Answers
The Lion King: Which character is related to Mufasa? Scar
93.9%
Pumbaa
0.7%
Rafiki
1.7%
Timon
1%
Peter Pan: Which character has never been to Neverland? Nana
89.8%
Peter Pan
1.1%
Tinker Bell
1%
Captain Hook
5.4%
Robin Hood: Which character wins the archery tournament? Robin Hood
88.8%
Prince John
0.8%
Maid Marian
3.3%
Little John
4.1%
Snow White: Which character has no discernable dialogue? Dopey
88.1%
Doc
5.6%
Snow White
1.3%
Evil Queen
2.2%
The Little Mermaid: Which character sings 'Kiss the Girl'? Sebastian
84.9%
Ariel
2.5%
Flounder
5.3%
Ursula
4.6%
Emperor's New Groove: Which character is turned into a llama? Kuzco
83.3%
Yzma
4.4%
Kronk
4.9%
Pacha
4.4%
Frozen: Which character is voiced by Idina Menzel? Elsa
82.8%
Anna
11.6%
Olaf
1.5%
Sven
1.2%
Mulan: Which character doesn't sing at any point during the film? Shan Yu
80.6%
Mulan
1.4%
Yao
11.4%
Shang
3.7%
Alice in Wonderland: Which character attends the Mad Tea Party? March Hare
77.3%
White Rabbit
5.8%
Cheshire Cat
9.5%
Queen of Hearts
4.5%
Tarzan: Which character kills Tarzan's parents? Sabor
71.8%
Kerchak
1.8%
Clayton
23.2%
Tantor
0.3%
Hunchback of Notre Dame: Which character has a pet goat named Djali? Esmeralda
68.1%
Quasimodo
12.1%
Frollo
3%
Phoebus
13.7%
One Hundred and One Dalmatians: Which character has the highest rank? Colonel
60.5%
Sergeant Tibbs
9.5%
Captain
27%
Jungle Book: Which character finds Mowgli in a basket? Bagheera
60.3%
Baloo
31.8%
Shere Khan
2.6%
King Louie
2.6%
Great Mouse Detective: Which character works as a toy maker? Hiram
59.6%
Ratigan
4%
Basil
18.5%
Dawson
14.9%
Hercules: Which character does not work for Hades? Phil
58.7%
Meg
27.7%
Pain
4%
Panic
6.8%
Beauty and the Beast: Which character is described as a 'pure paragon'? Gaston
58.3%
Beast
8%
Belle
22.9%
Lefou
7.9%
Zootopia: Which character never works as police officer? Dawn Bellwether
52.1%
Chief Bogo
4.9%
Nick Wilde
26.1%
Judy Hopps
14.1%
Aristocats: Which character is sent to Timbuktu? Edgar
50.9%
Scat Cat
18.3%
Duchess
9.9%
Thomas O'Malley
17.7%
Three Caballeros: Which character originates from Brazil? José Carioca
45.6%
Panchito Pistoles
49.9%
Donald Duck
1.7%
Sword in the Stone: Who wins the duel against Madam Mim? Merlin
43.9%
Wart
39.3%
Archimedes
3.2%
Sir Kay
10.4%

You're not logged in!

Compare scores with friends on all Sporcle quizzes.
OR
Log In

Sporcle TV

Today on Sporcle TV


Watch our educational content, quiz creation guides, and fun videos on Sporcle TV.

Show Comments

Extras

Top Quizzes Today


Score Distribution

Your Account Isn't Verified!

In order to create a playlist on Sporcle, you need to verify the email address you used during registration. Go to your Sporcle Settings to finish the process.

Report this User

Report this user for behavior that violates our Community Guidelines.

Details: